000 00851cam a22002413a 4500
001 2922
003 PGUSA
005 20140828083023.0
008 011101s2001||||xxu|||||s|||||000 | eng d
040 _aPGUSA
_beng
042 _adc
050 4 _aQH
100 1 _aHuxley, Thomas Henry,
_d1825-1895
245 1 4 _aThe Past Condition of Organic Nature :
_bLecture II. (of VI.), "Lectures to Working Men", at the Museum of Practical Geology, 1863, on Darwin's Work: "Origin of Species"
_h[electronic resource] /
_cThomas Henry Huxley
260 _bProject Gutenberg,
_c2001
506 _aPublic domain in the USA.
516 _aElectronic text
653 _aEvolution (Biology)
653 _aDarwin, Charles, 1809-1882. On the origin of species
830 0 _aProject Gutenberg
_v2922
856 4 0 _uhttp://www.gutenberg.org/ebooks/2922
942 _cEB
999 _c232252
_d232252